The Big show (Record no. 33219)

MARC details
000 -LEADER
fixed length control field 00251nam a2200109Ia 4500
082 ## - DEWEY DECIMAL CLASSIFICATION NUMBER
Classification number 82-3
Item number CLO
100 ## - MAIN ENTRY--AUTHOR NAME
Personal name Clostermann, Pierre
245 #4 - TITLE STATEMENT
Title The Big show
260 ## - PUBLICATION, DISTRIBUTION, ETC. (IMPRINT)
Place of publication UK
Name of publisher Bantam
Year of publication 1979
942 ## - ADDED ENTRY ELEMENTS (KOHA)
Koha item type Books
Holdings
Withdrawn status Lost status Damaged status Not for loan Home library Current library Date acquired Full call number Accession Number Koha item type
        RRII Library RRII Library 16/12/2021 82-3 CLO 13720 Books